MARC details
| 000 -LEADER |
| fixed length control field |
03699namaa2200397uu 4500 |
| 001 - CONTROL NUMBER |
| control field |
doab135228 |
| 003 - CONTROL NUMBER IDENTIFIER |
| control field |
oapen |
| 005 - DATE AND TIME OF LATEST TRANSACTION |
| control field |
20260218110429.0 |
| 006 - FIXED-LENGTH DATA ELEMENTS--ADDITIONAL MATERIAL CHARACTERISTICS |
| fixed length control field |
m o d |
| 007 - PHYSICAL DESCRIPTION FIXED FIELD--GENERAL INFORMATION |
| fixed length control field |
cr|mn|---annan |
| 008 - FIXED-LENGTH DATA ELEMENTS--GENERAL INFORMATION |
| fixed length control field |
240307s2024 xx |||||o ||| 0|eng d |
| 020 ## - INTERNATIONAL STANDARD BOOK NUMBER |
| International Standard Book Number |
9781837680146 |
| 020 ## - INTERNATIONAL STANDARD BOOK NUMBER |
| International Standard Book Number |
9781837680153 |
| 020 ## - INTERNATIONAL STANDARD BOOK NUMBER |
| International Standard Book Number |
9781837680160 |
| 020 ## - INTERNATIONAL STANDARD BOOK NUMBER |
| International Standard Book Number |
intechopen.100975 |
| 024 7# - OTHER STANDARD IDENTIFIER |
| Standard number or code |
10.5772/intechopen.100975 |
| Source of number or code |
doi |
| 040 ## - CATALOGING SOURCE |
| Original cataloging agency |
oapen |
| Transcribing agency |
oapen |
| Modifying agency |
|
| 041 0# - LANGUAGE CODE |
| Language code of text/sound track or separate title |
eng |
| 042 ## - AUTHENTICATION CODE |
| Authentication code |
dc |
| 245 00 - TITLE STATEMENT |
| Title |
Biomechanical Insights into Osteoporosis |
| 260 ## - PUBLICATION, DISTRIBUTION, ETC. |
| Name of publisher, distributor, etc. |
IntechOpen |
| Date of publication, distribution, etc. |
2024 |
| 300 ## - PHYSICAL DESCRIPTION |
| Extent |
1 online resource (156 p.) |
| 336 ## - CONTENT TYPE |
| Content type term |
text |
| Content type code |
txt |
| Source |
rdacontent |
| 337 ## - MEDIA TYPE |
| Media type term |
computer |
| Media type code |
c |
| Source |
rdamedia |
| 338 ## - CARRIER TYPE |
| Carrier type term |
online resource |
| Carrier type code |
cr |
| Source |
rdacarrier |
| 506 0# - RESTRICTIONS ON ACCESS NOTE |
| Standardized terminology for access restriction |
Unrestricted online access |
| Source of term |
star |
| 520 ## - SUMMARY, ETC. |
| Summary, etc. |
Dive into the intricate realm of osteoporosis through the lens of biomechanics with Biomechanical Insights into Osteoporosis. This pioneering volume offers a comprehensive exploration of this debilitating condition, providing an in-depth understanding of its biomechanical foundations and implications. Osteoporosis, characterized by reduced bone mineral density and heightened susceptibility to fractures, stands as a global health challenge. This book brings together leading experts in the field, who rigorously analyze the multifaceted aspects of osteoporosis, offering invaluable knowledge for researchers, clinicians, and students alike. Key Highlights: •Biomechanical Foundations: Gain profound insights into the biomechanical basis of bone fractures and fracture osteosynthesis in small animals. Explore the fundamental principles that shape our understanding of osteoporotic biomechanics. •Non-Glucocorticoid Drug-Induced Osteoporosis: Investigate the mechanisms, risk factors, and therapeutic approaches for osteoporosis induced by medications other than glucocorticoids. •Vascular Remodeling and Bone Destruction: Discover the common pathogenetic links between vascular remodeling and bone tissue destruction in postmenopausal women with arterial hypertension. This holistic perspective illuminates bone health dynamics. •Genetic Targets and Future Directions: Explore promising genetic targets that have the potential to revolutionize osteoporosis treatment. Get a glimpse into the future of research and treatment strategies. •Biomarkers and Metabolism: Delve into the latest research progress surrounding bone mineral density and bone metabolism biomarkers, offering valuable insights into diagnostics and monitoring. •Impact of Diseases and Medical Treatments: Understand the intricate interplay between diseases and medical treatments on bone mineral density. Gain a comprehensive understanding of how various factors influence skeletal health. This book represents a significant milestone in deciphering the complexities of osteoporosis from a biomechanical perspective. Join us in this scientific journey to explore the fascinating facets of osteoporosis. Biomechanical Insights into Osteoporosis is an essential resource for anyone seeking a deeper understanding of this critical health issue and the biomechanical aspects that underlie it. |
| 540 ## - TERMS GOVERNING USE AND REPRODUCTION NOTE |
| Terms governing use and reproduction |
Creative Commons |
| -- |
https://creativecommons.org/licenses/by/3.0/ |
| -- |
cc |
| Uniform Resource Identifier |
<a href="https://creativecommons.org/licenses/by/3.0/">https://creativecommons.org/licenses/by/3.0/</a> |
| 546 ## - LANGUAGE NOTE |
| Language note |
English |
| 650 #7 - SUBJECT ADDED ENTRY--TOPICAL TERM |
| Topical term or geographic name entry element |
Biomedical engineering |
| Source of heading or term |
bicssc |
| 720 1# - ADDED ENTRY--UNCONTROLLED NAME |
| Name |
Barkaoui, Abdelwahed |
| Relator code |
edt |
| 720 1# - ADDED ENTRY--UNCONTROLLED NAME |
| Name |
Barkaoui, Abdelwahed |
| Relator code |
oth |
| 793 0# - |
| -- |
DOAB Library. |
| 856 ## - ELECTRONIC LOCATION AND ACCESS |
| Uniform Resource Identifier |
<a href="https://docs.google.com/spreadsheets/d/1yKIrdCPDAG_9c22mwoOIO2DOhtj65Wqa/edit?usp=sharing&ouid=106555315294820607512&rtpof=true&sd=true ">https://docs.google.com/spreadsheets/d/1yKIrdCPDAG_9c22mwoOIO2DOhtj65Wqa/edit?usp=sharing&ouid=106555315294820607512&rtpof=true&sd=true </a> |
| Link text |
List of Curated E-Books |
| 942 ## - ADDED ENTRY ELEMENTS (KOHA) |
| Koha item type |
E-Book |